[Event "9th Vellmar Chess Days"]
[Site "chess24.com"]
[Date "2017.07.16"]
[Round "7"]
[White "Weber, Samuel"]
[Black "Hoefelsauer, Thomas"]
[Result "1/2-1/2"]
[Board "2"]
[WhiteElo "2123"]
[WhiteCountry "GER"]
[WhiteFideId "12924008"]
[WhiteEloChange "7"]
[BlackElo "2395"]
[BlackTitle "FM"]
[BlackCountry "GER"]
[BlackFideId "24668842"]
[BlackEloChange "-7"]

1. e4 {[%clk 1:30:57]} c6 {[%clk 1:30:57]} 2. d3 {[%clk 1:31:15]} d5 {[%clk
1:31:21]} 3. Nd2 {[%clk 1:31:41]} e5 {[%clk 1:31:43]} 4. Ngf3 {[%clk 1:32:06]}
Bd6 {[%clk 1:32:05]} 5. g3 {[%clk 1:32:29]} Nf6 {[%clk 1:31:27]} 6. Bg2 {[%clk
1:32:46]} O-O {[%clk 1:31:43]} 7. O-O {[%clk 1:32:42]} Re8 {[%clk 1:31:55]} 8.
Re1 {[%clk 1:33:06]} a5 {[%clk 1:30:54]} 9. a4 {[%clk 1:30:16]} Na6 {[%clk
1:30:41]} 10. b3 {[%clk 1:22:56]} Nc5 {[%clk 1:29:14]} 11. Bb2 {[%clk 1:22:07]}
d4 {[%clk 1:29:13]} 12. Bxd4 {[%clk 1:13:58]} exd4 {[%clk 1:27:29]} 13. e5 {[%clk
1:13:51]} Be7 {[%clk 1:25:07]} 14. exf6 {[%clk 1:14:16]} Bxf6 {[%clk 1:25:27]}
15. Rxe8+ {[%clk 1:13:04]} Qxe8 {[%clk 1:25:55]} 16. Qe1 {[%clk 1:13:06]} Qd8
{[%clk 1:14:57]} 17. Ne4 {[%clk 1:01:44]} Be7 {[%clk 1:04:51]} 18. Nxc5 {[%clk
0:58:33]} Bxc5 {[%clk 1:05:17]} 19. Qe5 {[%clk 0:58:49]} Bb4 {[%clk 1:04:45]} 20.
Rd1 {[%clk 0:57:46]} Bc3 {[%clk 1:03:33]} 21. Nd2 {[%clk 0:55:37]} f6 {[%clk
0:58:06]} 22. Qh5 {[%clk 0:50:13]} Qf8 {[%clk 0:53:01]} 23. Ne4 {[%clk 0:45:44]}
Bb4 {[%clk 0:52:17]} 24. f4 {[%clk 0:46:01]} Qf7 {[%clk 0:49:33]} 25. Qe2 {[%clk
0:39:27]} Bd7 {[%clk 0:47:26]} 26. Qf2 {[%clk 0:37:11]} Bg4 {[%clk 0:40:17]} 27.
Rf1 {[%clk 0:34:49]} f5 {[%clk 0:39:42]} 28. Ng5 {[%clk 0:27:53]} Qe7 {[%clk
0:36:38]} 29. Nf3 {[%clk 0:26:39]} Bxf3 {[%clk 0:28:14]} 30. Bxf3 {[%clk
0:27:01]} Re8 {[%clk 0:27:46]} 31. h3 {[%clk 0:19:34]} Qe3 {[%clk 0:25:00]} 32.
Kh2 {[%clk 0:18:25]} Qxf2+ {[%clk 0:24:34]} 33. Rxf2 {[%clk 0:18:45]} Re3 {[%clk
0:23:36]} 34. Kg2 {[%clk 0:19:08]} Kf7 {[%clk 0:23:24]} 35. Re2 {[%clk 0:16:53]}
Be1 {[%clk 0:21:00]} 36. g4 {[%clk 0:16:42]} Kf6 {[%clk 0:14:52]} 37. Rxe3 {[%clk
0:07:11]} dxe3 {[%clk 0:15:18]} 38. Be2 {[%clk 0:07:09]} Bc3 {[%clk 0:14:17]} 39.
Kf3 {[%clk 0:07:29]} Bd4 {[%clk 0:14:29]} 40. c3 {[%clk 0:07:16]} 1/2-1/2

[Event "9th Vellmar Chess Days"]
[Site "chess24.com"]
[Date "2017.07.16"]
[Round "7"]
[White "Schnepp, Gunnar"]
[Black "Braun, Ingram"]
[Result "1-0"]
[Board "3"]
[WhiteElo "2348"]
[WhiteTitle "FM"]
[WhiteCountry "AUT"]
[WhiteFideId "1604503"]
[WhiteEloChange "2"]
[BlackElo "2003"]
[BlackCountry "GER"]
[BlackFideId "24657816"]
[BlackEloChange "-2"]

1. Nf3 {[%clk 1:30:58]} d5 {[%clk 1:30:55]} 2. c4 {[%clk 1:31:12]} e6 {[%clk
1:31:03]} 3. g3 {[%clk 1:31:22]} Nf6 {[%clk 1:31:06]} 4. Bg2 {[%clk 1:31:38]} c6
{[%clk 1:30:03]} 5. O-O {[%clk 1:31:25]} Nbd7 {[%clk 1:30:09]} 6. d4 {[%clk
1:30:48]} Bd6 {[%clk 1:27:40]} 7. Nbd2 {[%clk 1:30:22]} O-O {[%clk 1:27:38]} 8.
Qc2 {[%clk 1:30:24]} h6 {[%clk 1:19:35]} 9. e4 {[%clk 1:30:03]} dxe4 {[%clk
1:19:37]} 10. Nxe4 {[%clk 1:30:31]} Nxe4 {[%clk 1:19:26]} 11. Qxe4 {[%clk
1:30:59]} c5 {[%clk 1:13:18]} 12. Rd1 {[%clk 1:29:08]} Qc7 {[%clk 1:08:42]} 13.
b3 {[%clk 1:28:02]} a6 {[%clk 1:00:20]} 14. Bb2 {[%clk 1:27:39]} Re8 {[%clk
0:44:43]} 15. Rd2 {[%clk 0:36:13]} Rb8 {[%clk 0:39:51]} 16. dxc5 {[%clk 0:35:15]}
Qxc5 {[%clk 0:29:15]} 17. Rad1 {[%clk 0:34:53]} Bf8 {[%clk 0:26:05]} 18. Rxd7
{[%clk 0:34:42]} Bxd7 {[%clk 0:26:30]} 19. Rxd7 {[%clk 0:35:09]} b5 {[%clk
0:25:20]} 20. Ne5 {[%clk 0:31:50]} bxc4 {[%clk 0:22:15]} 21. Nxc4 {[%clk
0:14:25]} Rbd8 {[%clk 0:19:58]} 22. Qb7 {[%clk 0:12:39]} Qf5 {[%clk 0:18:25]} 23.
Rxd8 {[%clk 0:10:24]} Qb1+ {[%clk 0:17:25]} 24. Bf1 {[%clk 0:10:53]} Rxd8 {[%clk
0:17:48]} 25. Bc3 {[%clk 0:05:47]} Bc5 {[%clk 0:07:23]} 26. Qxa6 {[%clk 0:04:40]}
Qc2 {[%clk 0:02:20]} 27. Be1 {[%clk 0:04:38]} Qd1 {[%clk 0:01:29]} 28. Qa5 {[%clk
0:04:29]} Rd5 {[%clk 0:01:35]} 29. Qc3 {[%clk 0:04:21]} Bd4 {[%clk 0:01:32]} 30.
Qd2 {[%clk 0:04:32]} Qf3 {[%clk 0:01:28]} 31. Bg2 {[%clk 0:04:36]} 1-0

[Event "9th Vellmar Chess Days"]
[Site "chess24.com"]
[Date "2017.07.16"]
[Round "7"]
[White "Kearns, Christopher"]
[Black "Everett, Elijah"]
[Result "1/2-1/2"]
[Board "4"]
[WhiteElo "2212"]
[WhiteCountry "GER"]
[WhiteFideId "24642118"]
[WhiteEloChange "-1"]
[BlackElo "2167"]
[BlackCountry "GER"]
[BlackFideId "12973696"]
[BlackEloChange "1"]

1. e4 {[%clk 1:30:59]} c5 {[%clk 1:30:52]} 2. Nf3 {[%clk 1:31:27]} d6 {[%clk
1:31:14]} 3. d4 {[%clk 1:31:54]} cxd4 {[%clk 1:31:41]} 4. Nxd4 {[%clk 1:32:19]}
Nf6 {[%clk 1:32:06]} 5. Nc3 {[%clk 1:32:46]} a6 {[%clk 1:32:32]} 6. Bg5 {[%clk
1:32:30]} e6 {[%clk 1:32:54]} 7. f4 {[%clk 1:32:53]} b5 {[%clk 1:32:44]} 8. Bxf6
{[%clk 1:24:44]} Qxf6 {[%clk 1:28:44]} 9. Qd2 {[%clk 1:24:09]} Qd8 {[%clk
1:25:55]} 10. f5 {[%clk 1:20:42]} Be7 {[%clk 1:18:48]} 11. fxe6 {[%clk 1:18:43]}
fxe6 {[%clk 1:15:47]} 12. Be2 {[%clk 0:45:28]} O-O {[%clk 1:10:57]} 13. Bg4
{[%clk 0:38:50]} Bh4+ {[%clk 0:58:04]} 14. g3 {[%clk 0:36:53]} Bg5 {[%clk
0:58:13]} 15. Qd3 {[%clk 0:36:58]} Qe8 {[%clk 0:45:15]} 16. h4 {[%clk 0:30:58]}
Bh6 {[%clk 0:36:02]} 17. Rf1 {[%clk 0:26:14]} Rxf1+ {[%clk 0:35:17]} 18. Kxf1
{[%clk 0:26:42]} Ra7 {[%clk 0:30:57]} 19. Kg2 {[%clk 0:23:42]} g6 {[%clk
0:27:22]} 20. Rf1 {[%clk 0:23:01]} Rf7 {[%clk 0:26:17]} 21. Rxf7 {[%clk 0:23:26]}
Kxf7 {[%clk 0:25:28]} 22. Ndxb5 {[%clk 0:11:55]} axb5 {[%clk 0:24:09]} 23. Nxb5
{[%clk 0:12:24]} Bf8 {[%clk 0:22:18]} 24. Nxd6+ {[%clk 0:12:46]} Bxd6 {[%clk
0:22:42]} 25. Qxd6 {[%clk 0:13:12]} Nc6 {[%clk 0:19:58]} 26. b4 {[%clk 0:12:11]}
Qd7 {[%clk 0:19:25]} 27. Qf4+ {[%clk 0:12:29]} Kg8 {[%clk 0:18:50]} 28. b5 {[%clk
0:12:08]} Nb4 {[%clk 0:15:37]} 29. b6 {[%clk 0:11:53]} Nxc2 {[%clk 0:14:59]} 30.
Kh2 {[%clk 0:09:21]} Nb4 {[%clk 0:13:21]} 31. h5 {[%clk 0:08:07]} Nxa2 {[%clk
0:11:05]} 32. Qb8 {[%clk 0:08:28]} Kg7 {[%clk 0:09:43]} 33. Qe5+ {[%clk 0:08:57]}
Kf7 {[%clk 0:09:43]} 34. Qh8 {[%clk 0:08:57]} Qd2+ {[%clk 0:09:43]} 1/2-1/2

[Event "9th Vellmar Chess Days"]
[Site "chess24.com"]
[Date "2017.07.16"]
[Round "7"]
[White "Nilsson, Anders 1976"]
[Black "Kroder, Johannes"]
[Result "1/2-1/2"]
[Board "5"]
[WhiteElo "2192"]
[WhiteTitle "CM"]
[WhiteCountry "SWE"]
[WhiteFideId "1705423"]
[WhiteEloChange "-3"]
[BlackElo "2075"]
[BlackCountry "GER"]
[BlackFideId "24692930"]
[BlackEloChange "3"]

1. d4 {[%clk 1:30:57]} Nf6 {[%clk 1:30:52]} 2. Nf3 {[%clk 1:31:00]} e6 {[%clk
1:31:05]} 3. Bg5 {[%clk 1:31:20]} Be7 {[%clk 1:20:09]} 4. Nbd2 {[%clk 1:30:51]}
d5 {[%clk 1:18:42]} 5. e3 {[%clk 1:30:54]} O-O {[%clk 1:18:14]} 6. Bd3 {[%clk
1:21:34]} b6 {[%clk 1:17:20]} 7. Ne5 {[%clk 1:21:52]} c5 {[%clk 1:15:47]} 8. c3
{[%clk 1:22:06]} Nfd7 {[%clk 1:10:19]} 9. h4 {[%clk 1:00:45]} f5 {[%clk 1:09:04]}
10. Bxe7 {[%clk 0:50:41]} Qxe7 {[%clk 1:09:28]} 11. f4 {[%clk 0:50:58]} Nxe5
{[%clk 1:09:00]} 12. fxe5 {[%clk 0:51:22]} Ba6 {[%clk 1:09:12]} 13. Bc2 {[%clk
0:50:59]} Nc6 {[%clk 1:06:43]} 14. Nf3 {[%clk 0:50:59]} h6 {[%clk 0:59:06]} 15.
g3 {[%clk 0:50:57]} Rac8 {[%clk 0:57:45]} 16. Qd2 {[%clk 0:44:41]} Na5 {[%clk
0:50:00]} 17. Bb3 {[%clk 0:43:58]} Bc4 {[%clk 0:48:54]} 18. Bc2 {[%clk 0:43:44]}
Ba6 {[%clk 0:49:13]} 19. O-O-O {[%clk 0:36:15]} b5 {[%clk 0:41:25]} 20. Kb1
{[%clk 0:32:47]} Nc4 {[%clk 0:38:19]} 21. Qf2 {[%clk 0:33:03]} b4 {[%clk
0:38:43]} 22. cxb4 {[%clk 0:33:15]} cxd4 {[%clk 0:38:25]} 23. Nxd4 {[%clk
0:26:40]} Qxb4 {[%clk 0:38:04]} 24. Bb3 {[%clk 0:26:13]} Qb6 {[%clk 0:37:11]} 25.
Bxc4 {[%clk 0:24:10]} dxc4 {[%clk 0:35:53]} 26. Rc1 {[%clk 0:23:59]} c3 {[%clk
0:34:44]} 27. Ka1 {[%clk 0:23:33]} Qa5 {[%clk 0:33:30]} 28. b3 {[%clk 0:16:33]}
Qxe5 {[%clk 0:29:07]} 29. Qf4 {[%clk 0:17:02]} Qf6 {[%clk 0:27:51]} 30. Qd6
{[%clk 0:10:43]} Bb7 {[%clk 0:26:49]} 31. Rhf1 {[%clk 0:10:30]} Bd5 {[%clk
0:26:37]} 32. Rf2 {[%clk 0:07:40]} Rfd8 {[%clk 0:25:47]} 33. Qb4 {[%clk 0:07:37]}
Qe5 {[%clk 0:23:00]} 34. Rxc3 {[%clk 0:06:13]} Rxc3 {[%clk 0:21:44]} 35. Qxc3
{[%clk 0:06:42]} Qxg3 {[%clk 0:22:02]} 36. Rd2 {[%clk 0:03:26]} Rf8 {[%clk
0:20:38]} 37. Ne2 {[%clk 0:03:01]} Qxh4 {[%clk 0:16:58]} 38. Nf4 {[%clk 0:03:30]}
Qf6 {[%clk 0:16:30]} 39. Rd4 {[%clk 0:03:16]} Be4 {[%clk 0:16:15]} 40. Qc5 {[%clk
0:02:18]} Rd8 {[%clk 0:06:50]} 41. Nxe6 {[%clk 0:15:08]} Rxd4 {[%clk 0:36:56]}
42. Nxd4 {[%clk 0:15:29]} Qh4 {[%clk 0:25:46]} 43. Ne6 {[%clk 0:12:50]} Qf6+
{[%clk 0:23:29]} 44. Nd4 {[%clk 0:13:19]} Qh4 {[%clk 0:17:45]} 45. Ne6 {[%clk
0:13:45]} Qe1+ {[%clk 0:14:40]} 46. Kb2 {[%clk 0:14:09]} Qe2+ {[%clk 0:15:03]}
47. Ka1 {[%clk 0:14:23]} Qd1+ {[%clk 0:14:36]} 48. Kb2 {[%clk 0:14:47]} Qe2+
{[%clk 0:11:02]} 49. Ka1 {[%clk 0:15:04]} Qd1+ {[%clk 0:11:25]} 50. Kb2 {[%clk
0:15:28]} Qd7 {[%clk 0:11:25]} 51. Nf4 {[%clk 0:15:28]} Kh7 {[%clk 0:11:25]} 52.
Ka3 {[%clk 0:15:28]} 1/2-1/2

[Event "9th Vellmar Chess Days"]
[Site "chess24.com"]
[Date "2017.07.16"]
[Round "7"]
[White "George, Tom"]
[Black "Held, Carsten, Dr."]
[Result "1-0"]
[Board "6"]
[WhiteElo "2212"]
[WhiteCountry "GER"]
[WhiteFideId "24659487"]
[WhiteEloChange "6"]
[BlackElo "2049"]
[BlackCountry "GER"]
[BlackFideId "1271741"]
[BlackEloChange "-6"]

1. e4 {[%clk 1:29:36]} c5 {[%clk 1:30:53]} 2. Nf3 {[%clk 1:29:46]} g6 {[%clk
1:31:17]} 3. d4 {[%clk 1:30:12]} cxd4 {[%clk 1:31:42]} 4. Nxd4 {[%clk 1:30:38]}
Bg7 {[%clk 1:31:45]} 5. c4 {[%clk 1:30:56]} Nc6 {[%clk 1:32:08]} 6. Be3 {[%clk
1:31:21]} Nf6 {[%clk 1:32:01]} 7. Nc3 {[%clk 1:31:46]} Ng4 {[%clk 1:27:17]} 8.
Qxg4 {[%clk 1:32:09]} Nxd4 {[%clk 1:27:40]} 9. Qd1 {[%clk 1:32:37]} Nc6 {[%clk
1:27:55]} 10. Rc1 {[%clk 1:33:00]} d6 {[%clk 1:27:46]} 11. Be2 {[%clk 1:32:50]}
O-O {[%clk 1:28:09]} 12. O-O {[%clk 1:33:03]} Be6 {[%clk 1:24:33]} 13. f4 {[%clk
1:32:26]} Rc8 {[%clk 1:23:04]} 14. a3 {[%clk 1:29:48]} Na5 {[%clk 1:11:12]} 15.
b3 {[%clk 1:30:09]} b6 {[%clk 1:10:08]} 16. Kh1 {[%clk 1:24:56]} f5 {[%clk
1:05:47]} 17. exf5 {[%clk 1:21:50]} gxf5 {[%clk 1:03:29]} 18. Nd5 {[%clk
1:10:49]} Kh8 {[%clk 0:53:17]} 19. b4 {[%clk 1:09:52]} Nc6 {[%clk 0:49:34]} 20.
Qd3 {[%clk 1:07:36]} Qe8 {[%clk 0:48:12]} 21. Rfd1 {[%clk 1:06:47]} Bg8 {[%clk
0:44:41]} 22. Nc3 {[%clk 1:02:32]} Nd8 {[%clk 0:32:38]} 23. Nb5 {[%clk 0:59:31]}
a6 {[%clk 0:27:05]} 24. Nd4 {[%clk 0:59:43]} Qg6 {[%clk 0:27:26]} 25. Nb3 {[%clk
0:55:59]} Rb8 {[%clk 0:26:11]} 26. Bf3 {[%clk 0:53:50]} Ne6 {[%clk 0:21:35]} 27.
g3 {[%clk 0:47:05]} Rfd8 {[%clk 0:18:45]} 28. Bd5 {[%clk 0:45:03]} Bf7 {[%clk
0:17:00]} 29. Re1 {[%clk 0:41:40]} Nf8 {[%clk 0:13:12]} 30. Bxf7 {[%clk 0:37:46]}
Qxf7 {[%clk 0:13:35]} 31. Nd4 {[%clk 0:37:28]} Bxd4 {[%clk 0:13:43]} 32. Bxd4+
{[%clk 0:37:49]} Kg8 {[%clk 0:14:07]} 33. Qe3 {[%clk 0:38:01]} e6 {[%clk
0:14:31]} 34. Bb2 {[%clk 0:32:28]} a5 {[%clk 0:13:12]} 35. Qc3 {[%clk 0:31:03]}
Ng6 {[%clk 0:13:27]} 36. h4 {[%clk 0:31:05]} h5 {[%clk 0:13:18]} 37. Rxe6 {[%clk
0:26:43]} axb4 {[%clk 0:13:41]} 38. axb4 {[%clk 0:26:17]} Ne5 {[%clk 0:12:36]}
39. Rh6 {[%clk 0:23:26]} Kg7 {[%clk 0:12:15]} 40. Rxd6 {[%clk 0:23:26]} 1-0

[Event "9th Vellmar Chess Days"]
[Site "chess24.com"]
[Date "2017.07.16"]
[Round "7"]
[White "Dorst, Johannes"]
[Black "Kuhn, Norbert"]
[Result "1-0"]
[Board "8"]
[WhiteElo "2180"]
[WhiteTitle "FM"]
[WhiteCountry "GER"]
[WhiteFideId "4650433"]
[WhiteEloChange "8"]
[BlackElo "2094"]
[BlackCountry "GER"]
[BlackFideId "4644697"]
[BlackEloChange "-8"]

1. e4 {[%clk 1:30:57]} e6 {[%clk 1:23:32]} 2. d3 {[%clk 1:31:20]} d5 {[%clk
1:17:51]} 3. Qe2 {[%clk 1:31:43]} Nf6 {[%clk 1:17:14]} 4. Nf3 {[%clk 1:32:01]}
Be7 {[%clk 1:17:32]} 5. g3 {[%clk 1:32:24]} O-O {[%clk 1:17:53]} 6. Bg2 {[%clk
1:32:48]} c5 {[%clk 1:17:45]} 7. O-O {[%clk 1:32:50]} Nc6 {[%clk 1:18:06]} 8. e5
{[%clk 1:32:57]} Nd7 {[%clk 1:18:27]} 9. c4 {[%clk 1:33:05]} dxc4 {[%clk
1:17:27]} 10. dxc4 {[%clk 1:33:24]} Qc7 {[%clk 1:17:22]} 11. Bf4 {[%clk 1:32:41]}
b6 {[%clk 1:16:17]} 12. Nc3 {[%clk 1:32:29]} a6 {[%clk 1:14:21]} 13. Rfe1 {[%clk
1:26:00]} Bb7 {[%clk 1:11:36]} 14. Rad1 {[%clk 1:25:11]} Rfd8 {[%clk 1:09:17]}
15. Nd5 {[%clk 1:23:13]} Qc8 {[%clk 1:06:14]} 16. Nxe7+ {[%clk 1:21:22]} Nxe7
{[%clk 1:06:37]} 17. Bg5 {[%clk 1:21:20]} Re8 {[%clk 1:06:45]} 18. Qd3 {[%clk
1:18:50]} Nf8 {[%clk 1:05:36]} 19. Qb3 {[%clk 1:09:53]} Qc7 {[%clk 1:03:27]} 20.
Bxe7 {[%clk 1:06:10]} Rxe7 {[%clk 1:01:04]} 21. Rd6 {[%clk 1:06:33]} Nd7 {[%clk
0:57:47]} 22. Red1 {[%clk 1:06:54]} h6 {[%clk 0:50:27]} 23. Qd3 {[%clk 1:06:16]}
Nf8 {[%clk 0:50:23]} 24. Nd2 {[%clk 1:05:59]} Bxg2 {[%clk 0:50:34]} 25. Kxg2
{[%clk 1:06:25]} Rb8 {[%clk 0:47:49]} 26. f4 {[%clk 1:04:08]} a5 {[%clk 0:47:46]}
27. Ne4 {[%clk 1:03:11]} Rc8 {[%clk 0:47:07]} 28. Nc3 {[%clk 1:01:25]} Rb8 {[%clk
0:45:29]} 29. Nb5 {[%clk 0:58:27]} Qb7+ {[%clk 0:45:14]} 30. Qf3 {[%clk 0:58:08]}
Qxf3+ {[%clk 0:44:57]} 31. Kxf3 {[%clk 0:58:33]} Ree8 {[%clk 0:42:30]} 32. Ke2
{[%clk 0:51:22]} f6 {[%clk 0:40:19]} 33. exf6 {[%clk 0:50:37]} gxf6 {[%clk
0:40:42]} 34. Kf3 {[%clk 0:49:49]} f5 {[%clk 0:34:57]} 35. g4 {[%clk 0:45:18]}
fxg4+ {[%clk 0:34:09]} 36. Kxg4 {[%clk 0:45:25]} Re7 {[%clk 0:34:08]} 37. Kf3
{[%clk 0:45:35]} Rg7 {[%clk 0:31:42]} 38. Rc6 {[%clk 0:43:29]} Rgb7 {[%clk
0:26:38]} 39. Nc3 {[%clk 0:39:03]} Kf7 {[%clk 0:24:34]} 40. Ne4 {[%clk 0:37:42]}
Rd7 {[%clk 0:23:18]} 41. Rdd6 {[%clk 0:32:40]} Rxd6 {[%clk 0:21:40]} 42. Rxd6
{[%clk 0:32:45]} Ke7 {[%clk 0:18:59]} 43. Kg4 {[%clk 0:27:03]} Nd7 {[%clk
0:17:31]} 44. Rd2 {[%clk 0:27:18]} Rf8 {[%clk 0:15:55]} 45. Ng3 {[%clk 0:23:55]}
Nf6+ {[%clk 0:10:50]} 46. Kf3 {[%clk 0:24:08]} Nd7 {[%clk 0:10:49]} 47. Ke3
{[%clk 0:23:18]} Rf7 {[%clk 0:08:09]} 48. Ne4 {[%clk 0:21:44]} e5 {[%clk
0:01:44]} 49. Rf2 {[%clk 0:13:53]} exf4+ {[%clk 0:15:51]} 50. Rxf4 {[%clk
0:45:35]} Ne5 {[%clk 0:15:27]} 51. b3 {[%clk 0:45:11]} Rg7 {[%clk 0:13:43]} 52.
Nf6 {[%clk 0:40:27]} Ke6 {[%clk 0:12:12]} 53. Nd5 {[%clk 0:40:22]} Nd7 {[%clk
0:06:41]} 54. Rh4 {[%clk 0:36:53]} Rh7 {[%clk 0:06:49]} 55. Ke4 {[%clk 0:34:52]}
Nf6+ {[%clk 0:05:02]} 56. Nxf6 {[%clk 0:34:11]} Kxf6 {[%clk 0:05:30]} 57. Kd5
{[%clk 0:34:32]} Kg5 {[%clk 0:05:45]} 58. Rh3 {[%clk 0:34:32]} h5 {[%clk
0:02:29]} 59. Rg3+ {[%clk 0:30:01]} Kf5 {[%clk 0:02:47]} 60. Rf3+ {[%clk
0:27:32]} Kg5 {[%clk 0:02:38]} 61. Rg3+ {[%clk 0:25:42]} Kf5 {[%clk 0:02:56]} 62.
h4 {[%clk 0:20:13]} Rh6 {[%clk 0:03:11]} 63. Rg8 {[%clk 0:19:28]} Kf4 {[%clk
0:03:04]} 64. Rg5 {[%clk 0:19:34]} Kf3 {[%clk 0:00:59]} 65. Ke5 {[%clk 0:19:35]}
Ke3 {[%clk 0:01:15]} 66. Kf5 {[%clk 0:19:53]} Kf3 {[%clk 0:01:34]} 67. Rg8 {[%clk
0:18:24]} Rd6 {[%clk 0:01:06]} 68. Kg5 {[%clk 0:17:33]} Rd2 {[%clk 0:00:58]} 69.
Rb8 {[%clk 0:16:53]} Rxa2 {[%clk 0:01:15]} 70. Rxb6 {[%clk 0:17:09]} a4 {[%clk
0:01:26]} 71. Kxh5 {[%clk 0:16:44]} axb3 {[%clk 0:01:16]} 72. Rxb3+ {[%clk
0:16:48]} Ke4 {[%clk 0:01:39]} 73. Rg3 {[%clk 0:16:18]} Ra8 {[%clk 0:00:58]} 74.
Rg4+ {[%clk 0:15:26]} Kd3 {[%clk 0:01:21]} 75. Rf4 {[%clk 0:15:15]} Ke3 {[%clk
0:00:40]} 76. Rg4 {[%clk 0:12:53]} Kd3 {[%clk 0:01:03]} 77. Kg5 {[%clk 0:12:42]}
Rg8+ {[%clk 0:00:43]} 78. Kf5 {[%clk 0:12:53]} Rh8 {[%clk 0:00:42]} 79. Ke5
{[%clk 0:13:02]} Rh5+ {[%clk 0:00:50]} 80. Kf6 {[%clk 0:12:30]} Rh8 {[%clk
0:01:03]} 81. Kg7 {[%clk 0:12:37]} Rh5 {[%clk 0:01:26]} 82. Kg6 {[%clk 0:12:52]}
Rh8 {[%clk 0:01:37]} 83. h5 {[%clk 0:13:01]} Rg8+ {[%clk 0:01:51]} 84. Kf5 {[%clk
0:13:26]} Rf8+ {[%clk 0:01:37]} 85. Ke5 {[%clk 0:13:37]} Kc3 {[%clk 0:01:24]} 86.
Rh4 {[%clk 0:13:44]} Rh8 {[%clk 0:01:08]} 87. Kd5 {[%clk 0:14:01]} Kb4 {[%clk
0:01:35]} 88. h6 {[%clk 0:14:20]} Rh7 {[%clk 0:02:02]} 89. Kd6 {[%clk 0:14:10]}
1-0

[Event "9th Vellmar Chess Days"]
[Site "chess24.com"]
[Date "2017.07.16"]
[Round "7"]
[White "Toepfer, Albrecht"]
[Black "Schulze, Lara"]
[Result "1/2-1/2"]
[Board "9"]
[WhiteElo "2060"]
[WhiteCountry "GER"]
[WhiteFideId "12924067"]
[WhiteEloChange "2"]
[BlackElo "2141"]
[BlackTitle "WFM"]
[BlackCountry "GER"]
[BlackFideId "12956830"]
[BlackEloChange "-2"]

1. Nf3 {[%clk 1:30:50]} Nf6 {[%clk 1:30:47]} 2. c4 {[%clk 1:30:54]} e6 {[%clk
1:31:02]} 3. g3 {[%clk 1:31:08]} d5 {[%clk 1:30:40]} 4. b3 {[%clk 1:31:03]} Be7
{[%clk 1:30:50]} 5. Bg2 {[%clk 1:31:02]} O-O {[%clk 1:31:08]} 6. O-O {[%clk
1:31:20]} b6 {[%clk 1:28:09]} 7. Bb2 {[%clk 1:30:27]} Bb7 {[%clk 1:27:50]} 8. e3
{[%clk 1:28:51]} dxc4 {[%clk 1:24:48]} 9. bxc4 {[%clk 1:29:13]} c5 {[%clk
1:25:07]} 10. Nc3 {[%clk 1:26:45]} Nc6 {[%clk 1:22:36]} 11. Qe2 {[%clk 1:25:16]}
Rc8 {[%clk 1:11:09]} 12. Rfd1 {[%clk 1:23:12]} Qc7 {[%clk 1:05:44]} 13. Rac1
{[%clk 1:19:43]} Rfd8 {[%clk 1:03:47]} 14. d4 {[%clk 1:18:16]} Na5 {[%clk
0:58:48]} 15. d5 {[%clk 1:07:58]} exd5 {[%clk 0:45:07]} 16. Nb5 {[%clk 1:05:00]}
Qd7 {[%clk 0:44:09]} 17. Ne5 {[%clk 1:01:12]} Qe6 {[%clk 0:36:09]} 18. Nxa7
{[%clk 1:00:16]} Ra8 {[%clk 0:34:24]} 19. Nb5 {[%clk 1:00:19]} Ne8 {[%clk
0:28:44]} 20. cxd5 {[%clk 0:44:20]} Bxd5 {[%clk 0:29:06]} 21. Bxd5 {[%clk
0:44:31]} Rxd5 {[%clk 0:29:25]} 22. Rxd5 {[%clk 0:39:18]} Qxd5 {[%clk 0:28:33]}
23. Rd1 {[%clk 0:39:38]} Qe6 {[%clk 0:18:55]} 24. Qf3 {[%clk 0:37:30]} Rb8 {[%clk
0:18:56]} 25. a4 {[%clk 0:33:47]} f6 {[%clk 0:15:58]} 26. Nd3 {[%clk 0:32:01]}
1/2-1/2

[Event "9th Vellmar Chess Days"]
[Site "chess24.com"]
[Date "2017.07.16"]
[Round "7"]
[White "Nickel, Ruediger"]
[Black "Englert, Jon"]
[Result "1/2-1/2"]
[Board "10"]
[WhiteElo "2157"]
[WhiteCountry "GER"]
[WhiteFideId "4618971"]
[WhiteEloChange "-6"]
[BlackElo "1904"]
[BlackCountry "GER"]
[BlackFideId "12992275"]
[BlackEloChange "6"]

1. e4 {[%clk 1:30:54]} c5 {[%clk 1:30:48]} 2. Nf3 {[%clk 1:31:18]} d6 {[%clk
1:31:13]} 3. d4 {[%clk 1:31:43]} cxd4 {[%clk 1:31:40]} 4. Nxd4 {[%clk 1:32:10]}
Nf6 {[%clk 1:32:00]} 5. Nc3 {[%clk 1:32:39]} g6 {[%clk 1:32:18]} 6. Be3 {[%clk
1:32:29]} Bg7 {[%clk 1:32:31]} 7. f3 {[%clk 1:32:50]} a6 {[%clk 1:32:52]} 8. Qd2
{[%clk 1:32:37]} Nbd7 {[%clk 1:33:07]} 9. a4 {[%clk 1:07:21]} b6 {[%clk 1:21:59]}
10. Nd5 {[%clk 0:58:51]} Nxd5 {[%clk 1:10:00]} 11. exd5 {[%clk 0:59:11]} Bb7
{[%clk 1:09:51]} 12. c4 {[%clk 0:59:28]} Rc8 {[%clk 1:08:09]} 13. Be2 {[%clk
0:51:01]} O-O {[%clk 1:05:44]} 14. h4 {[%clk 0:41:17]} Nc5 {[%clk 0:53:04]} 15.
Ra3 {[%clk 0:34:35]} e5 {[%clk 0:47:12]} 16. Nc2 {[%clk 0:28:54]} f5 {[%clk
0:44:55]} 17. Bg5 {[%clk 0:26:12]} Bf6 {[%clk 0:42:46]} 18. b4 {[%clk 0:25:55]}
Nd7 {[%clk 0:42:16]} 19. g3 {[%clk 0:10:45]} Bxg5 {[%clk 0:40:46]} 20. Qxg5
{[%clk 0:06:17]} Qxg5 {[%clk 0:40:22]} 21. hxg5 {[%clk 0:06:46]} f4 {[%clk
0:37:55]} 22. g4 {[%clk 0:07:14]} Bxd5 {[%clk 0:35:39]} 23. Rd3 {[%clk 0:03:55]}
Bxc4 {[%clk 0:32:10]} 24. Rxd6 {[%clk 0:04:19]} Rf7 {[%clk 0:32:10]} 1/2-1/2